Forgotten events of the 1940s - Statistics

General Stats
  • This quiz has been taken 15 times
  • The average score is 5 of 8
Answer Stats
Hint Answer % Correct
This famous book was released in 1949 warning its readers of super authoritarian governments George Orwell's 1984 is released
92%
in 1947 Chuck Yeager was the first ever person to... Chuck Yeager Breaks the Sound Barrier
85%
This person was considered to be Stalin's biggest political threat, untill he was assassinated in 1941 Assassination of Leon Trotsky
77%
This famous activist pushed for the independence of their nation, and was assassinated in 1948 The Assassination of Mahatma Gandhi
77%
Construction on this American monument came to a permanent halt in 1941 Mt Rushmore is "Completed"
69%
In 1945, a B-25 plane accidentally crashed into this famous building 1945 Empire State Building crash
54%
In 1946, scientists at the White Sands Military Base where able to take the first ever picture of... First Ever Image of Earth
15%
One of the first crises of the cold war, the Soviet Union demanded access to this stratigic waterway (Didint start in the 40s but was greatly escalated between 46-53) Turkish Straits crisis
15%
No matching quizzes found
Score Distribution
Percent of People with Each Score
Percentile by Number Answered
Your Score History
You have not taken this quiz